| 000 | 01582nas a2200277Ia 4500 | ||
|---|---|---|---|
| 001 | R320-R7694 | ||
| 003 | IT-CnALBA | ||
| 008 | 170116c99999999xx |||||||||||| ||und|| | ||
| 040 |
_aIT-CnALBA _cIT-CnALBA |
||
| 041 | _aITALIANO | ||
| 100 | _aTAVIANI PAOLO EMILIO | ||
| 210 | _aCIVITAS | ||
| 222 | _aCIVITAS | ||
| 245 | 0 | _aCIVITAS. GENNAIO-DICEMBRE 1951. RIVISTA STUDI POLITICI. | |
| 250 | _a1a ed. | ||
| 260 |
_aROMA _bCIVITAS EDIZIONI, ROMA' _c1951 [1° Ed.:1951 - Ed.Ling.Originale: 1951] |
||
| 300 | _a80 p. | ||
| 310 | _aMENSILE | ||
| 362 | _aFascicolo: 1-12 / Anno: 2 (1951) | ||
| 500 | _aROMA ANTICA. ARON R. SABOTAGGIO SOVIETICO AI TENTATIVI OCCIDENTALI D'INTESA. LIBERTÀ DI STAMPA E LIMITI. L'MRP E IL GENERALE DE GAULLE. LA LEGGE MC CARRAN. POLITICA INTERNAZIONALE. INTERNA. ECONOMIA. PROVA DEGLI STATI UNITI. GRAZIOSI SCHNEIDER F. MORO C. A. TEITGEN P. H. WEISS C. INDICE AUTORI. SAGGI PROBLEMI E DOCUMENTI INTERNAZIONALI DI ORDINE INTERNO. POLITICA ECONOMICA. RASSEGNE. | ||
| 501 | _aSocietà San Paolo EM - Piazza San Paolo, 14 - 12051 ALBA (CN) (non commercial uses only) ® Copyright 2017 | ||
| 520 | _aROMA ANTICA. ARON R. SABOTAGGIO SOVIETICO AI TENTATIVI OCCIDENTALI D'INTESA. LIBERTÀ DI STAMPA E LIMITI. L'MRP E IL GENERALE DE GAULLE. LA LEGGE MC CARRAN. POLITICA INTERNAZIONALE. INTERNA. ECONOMIA. PROVA DEGLI STATI UNITI. GRAZIOSI SCHNEIDER F. MORO C. A. TEITGEN P. H. WEISS C. INDICE AUTORI. SAGGI PROBLEMI E DOCUMENTI INTERNAZIONALI DI ORDINE INTERNO. POLITICA ECONOMICA. RASSEGNE. | ||
| 650 | _aPOLITICA | ||
| 942 | _cCR | ||
| 957 | _71 | ||
| 999 |
_a59261 _bNO _g1 _c326288 _d326288 |
||